[Event "Toronto op U2200"]
[Site "Toronto"]
[Date "2014.04.19"]
[Round "3"]
[White "Evans, Bill"]
[Black "Oganesyan, Hayk"]
[Result "0-1"]
[WhiteElo "2007"]
[BlackElo "1946"]
[PlyCount "70"]
[EventDate "2014.04.18"]
[EventType "swiss"]
[EventRounds "6"]
[EventCountry "CAN"]
[SourceTitle "EXT 2022"]
[Source "ChessBase"]
[SourceDate "2021.10.06"]
[SourceVersion "1"]
[SourceVersionDate "2021.10.06"]
[SourceQuality "1"]

1. d4 Nf6 2. Nf3 c5 3. d5 e6 4. c4 exd5 5. cxd5 d6 6. Nc3 g6 7. e4 a6 8. a4 Bg4 9. Qb3 Bxf3 10. gxf3 Qc7 11. Bf4 Nbd7 12. Be2 Bg7 13. Bg3 0-0 14. 0-0 Nh5 15. f4 Nxg3 16. hxg3 Rfe8 17. Bf3 b6 18. Qc4 Qb7 19. Kg2 Rab8 20. e5 b5 21. axb5 axb5 22. Qb3 dxe5 23. Ne4 Qb6 24. d6 exf4 25. Nc3 Bxc3 26. Qxc3 Qxd6 27. Rfd1 Qc7 28. Ra6 Ne5 29. Bd5 fxg3 30. Qxg3 Rb6 31. Rxb6 Qxb6 32. f4 Nc4 33. Bxc4 bxc4 34. Qc3 Qc6+ 35. Kg3 Qe4 0-1